Sénateurs des États-Unis Par Photos - Statistiques

Statistiques générales
  • Ce quiz a été pris 36 fois
  • Le résultat moyen est 10 sur 20
Statistiques - réponses
Par images Réponse % Correct
Bernie Sanders
94%
Mitt Romney
84%
Ted Cruz
77%
Elizabeth Warren
74%
Mitch McConnell
61%
Chuck Schumer
58%
Amy Klobuchar
55%
Marco Rubio
55%
John Ossoff
52%
Rand Paul
52%
Raphael Warnock
48%
Susan Collins
48%
Cory Booker
45%
Tim Kaine
45%
Dianne Feinstein
42%
Lindsey Graham
42%
Rick Scott
42%
Tim Scott
39%
Marsha Blackburn
19%
Pat Toomey
13%
Aucun quiz correspondant
Distribution des résultats
% des personnes avec chaque résultat
Percentile par nombre de réponses
Votre historique - résultats
Vous n’avez pas pris ce quiz